Quel est cet album de rock ? Par la description de la pochette - Statistiques

Statistiques générales
  • Ce quiz a été pris 27 fois
  • Le résultat moyen est 5 sur 20
Statistiques - réponses
Cover Album % Correct
4 anglais qui traversent un passage piéton Abbey Road (The Beatles)
92%
Un bébé dans une piscine qui tente d'attraper un billet Nevermind (Nirvana)
75%
Un zeppelin en feu Led Zeppelin I (Led Zeppelin)
50%
Crépuscule au Beverly Hills Hotel à Los Angeles Hotel California (Eagles)
38%
Deux hommes (dont un en feu) se serrent la main Wish You Were Here (Pink Floyd)
38%
Une main gantée posée sur une hanche Is This It (The Strokes)
25%
Une banane The Velvet Underground et Nico (45th anniversaire)
25%
Mont Rushmore mais avec les têtes des membres du groupe Deep Purple In Rock (Deep Purple)
21%
Un homme sur le point de fracasser sa basse sur la scène London Calling (The Clash)
21%
Un gros plan sur la tête du roi cramoisi In The Court of The Crimson King (King Crimson)
13%
Un homme fait un graffiti sur le sol Meteora (Linkin Park)
13%
Un avion dans une pochette plastique Ants From Up There (Black Country, New Road)
8%
Une autoroute OK Computer (Radiohead)
8%
5 hommes donnent des pommes à des chèvres Pet Sounds (Beach Boys)
8%
Deux très jeunes filles accolées joue à joue Siamese Dream (The Smashing Pumpkins)
8%
Une main sur le point d'introduire une clé dans une serrure Crazy World (Scorpions)
4%
Un grand cerf des Tourbières, sur fond rouge Skinty Fia (Fontaines DC)
4%
Deux hommes sont sur le point de se rencontrer, dans une rue déserte What's The Story Morning Glory ? (Oasis)
4%
Des hommes remontent leur braguette après avoir uriner sur un grande bloc ce béton Who's Next (The Who)
4%
Un phonographe supporte le poids de plusieurs objets empilés (horloge, pneu de vélo, pizza, gâteau) Let It Bleed (The Rolling Stones)
0%
Aucun quiz correspondant
Distribution des résultats
% des personnes avec chaque résultat
Percentile par nombre de réponses
Votre historique - résultats
Vous n’avez pas pris ce quiz